Analysis Factors Affecting Indonesia Stock Market (Case Studies on Consumer Goods Index)

Prieskum vplyvu kurzu a inflácie na akciový trh. Použitý menný kurz je indonézska rupia voči americkému doláru a index spotrebiteľských cien ako miera inflácie. V prípadovej štúdii je využitý sektor spotrebného tovaru v rokoch 2010-2017 a použitá metóda viaclineárnej regresie softvéru R. Výsledky uk...

Ausführliche Beschreibung

Gespeichert in:
Bibliographische Detailangaben
1. Verfasser: Sumantri, Vietha Devia Sagita
Format: Buchkapitel
Sprache:Englisch
Schlagworte:
Tags: Tag hinzufügen
Keine Tags, Fügen Sie das erste Tag hinzu!

MARC

LEADER 00000naa a2200000 4500
001 0263749
005 20211012113553.1
041 0 |a eng 
044 |a CZ 
245 1 0 |a Analysis Factors Affecting Indonesia Stock Market  |b (Case Studies on Consumer Goods Index)  |c Vietha Devia Sagita Sumantri 
520 |a Prieskum vplyvu kurzu a inflácie na akciový trh. Použitý menný kurz je indonézska rupia voči americkému doláru a index spotrebiteľských cien ako miera inflácie. V prípadovej štúdii je využitý sektor spotrebného tovaru v rokoch 2010-2017 a použitá metóda viaclineárnej regresie softvéru R. Výsledky ukázali, že menný kurz má významný negatívny účinok, zatiaľ čo inflácia nemá významný vplyv na index spotrebiteľských cien. 
610 2 0 |a štúdie prípadové 
610 2 0 |a mena 
610 2 0 |a inflácia 
610 2 0 |a trh akciový 
610 2 0 |a index cien spotrebiteľských 
610 2 0 |a Indonézia 
100 1 |a Sumantri, Vietha Devia Sagita